000 00834nam a22002297a 4500
003 NALT
005 20251125232937.0
008 s2531 th tha d
040 _aNALT
041 _atha
050 _aJA71 ช626ป 2531
100 0 _aชุมพร สังขปรีชา
245 1 0 _aปรัชญาและทฤษฎีการเมืองว่าด้วยธรรมชาติมนุษย์
260 3 _aกรุงเทพฯ
_c2531
300 _a276 หน้า ;
_b 19 ซม.
650 0 4 _aการเมือง -- ปรัชญา
650 0 4 _aการเมือง -- ทฤษฎี
850 _aNALT
856 4 0 _uhttps://hdl.handle.net/20.500.14156/336041
942 _cGB
_2lcc
999 _c40822
_d40822
998 _j109
_k อารีรัตน์ วิชาช่าง